000 01209naa a22003017a 4500
001 BR8201614
003 BR-BrBNA
005 20250721143155.0
007 ta
008 250630b bl.|||m| |||| 00| 0 por d
040 _aBR-BrBNA
_bpor
_cBiblioteca Nacional de Agricultura
041 _a(Pt)
072 _aF50; F00
_b0390
_b3575
090 _aF50 BR8201614
100 1 _aAyerza, R.
111 1 _a1. Ciclo de Palestras sobre Jojoba
_cNatal, RN (Brazil)
_d20 Jul 1982
245 1 _aConsideracoes tecnicas para o desenvolvimento do cultivo da jojoba (Simmondsia chinensis L.)[Morfologia vegetal; Pratica cultural; Semente]
500 _aJojoba Natal, RN (Brasil): 1982. p. 135-212 [24 tables; 31 ref.; Summaries (En, Pt)] (BR8201614-AMS)
773 0 _tPrograma de oleo vegetal para fins energetico [jojoba, mandioca brava, Bahia, Brasil]
_w9530 BR7406636
_gSalvador, BA (Brasil), [nd].
_q11 p.
650 _aJOJOBA
650 _aMORFOLOGIA VEGETAL
650 _aPRATICA CULTURAL
650 _aSEMENTE
650 _aSEMEADURA
490 _aDocumentos - Empresa de Pesquisa Agropecuaria do Rio Grande do Norte S.A. (Brazil)
_vno. 5
942 _cAMS
_2AGRIS
909 _a202506
_bLúcia
_c55
_dLúcia Elande
999 _c334111
_d334111